| 000 | 00000nam##2200000za#4500 |
| 001 | 9.696832 |
| 003 | CaOODSP |
| 005 | 20250319163013 |
| 007 | cr ||||||||||| |
| 008 | 150407|1998||||xxc|||||o f|0| 0 eng|d |
| 040 | |aCaOODSP|beng |
| 043 | |an-cn--- |
| 086 | 1 |aH39-423/2-1998E-PDF |
| 110 | 1 |aCanada. |bHealth Canada. |
| 245 | 10|aCommunity action resources for Inuit, Métis and First Nations : |h[electronic resource]|bassessing needs |
| 260 | |aOttawa - Ontario : |bHealth Canada |c[1998]. |
| 300 | |a53p.|bcoloured illus., figs. (some coloured), tables |
| 520 | 3 |a"This section will help you to achieve the following goals: to become better acquainted with needs assessment; and to help you use a structured process for assessing needs."--Page 11. |
| 590 | |a12-43-Supp|b2012-12-07 |
| 690 | 07|aIndigenous peoples|2gcpds |
| 690 | 07|aCommunity development|2gcpds |
| 690 | 07|aInuit|2gcpds |
| 690 | 07|aMétis|2gcpds |
| 775 | 08|tRessources d'action communautaire pour les Inuit, les Métis et les Premières Nations : |w(CaOODSP)9.640928 |
| 856 | 40|ahttp://publications.gc.ca|qPDF|s665 KB|uhttps://publications.gc.ca/collections/Collection/H39-423-2-1998E.pdf |